Retrouvez le nom des molécules - Statistiques

Statistiques générales
  • Ce quiz a été pris 38 fois
    31 depuis la dernière actualisation
  • Le résultat moyen est 5 sur 15
Statistiques - réponses
Par images Réponse % Correct
Methane
96%
Butane
69%
Propane
54%
Ethane
46%
Pentane
42%
Isopropanol
35%
Cyclohexane
31%
Benzene
27%
Dichloromethane
15%
Permanganate de potassium
15%
Toluene
12%
Benzaldehyde
4%
Cyclopentadiene
4%
DMF
4%
DMSO
4%
Aucun quiz correspondant
Distribution des résultats
% des personnes avec chaque résultat
Percentile par nombre de réponses
Votre historique - résultats
Vous n’avez pas pris ce quiz depuis la dernière actualisation